LIBRARY & INFORMATION CENTRE, KCAET, TAVANUR

ONLINE PUBLIC ACCESS CATALOGUE (OPAC)

Solar Energy Conversion Systems (Record no. 14298)

MARC details
000 -LEADER
fixed length control field 00296nam a22001217a 4500
020 ## - INTERNATIONAL STANDARD BOOK NUMBER
ISBN 9780123970213
082 ## - DEWEY DECIMAL CLASSIFICATION NUMBER
Classification number 621.47
Item number BRO/SO
100 ## - MAIN ENTRY--AUTHOR NAME
Personal name Brownson,Jeffrey.R.S
245 ## - TITLE STATEMENT
Title Solar Energy Conversion Systems
260 ## - PUBLICATION, DISTRIBUTION, ETC. (IMPRINT)
Place of publication Waltham, USA
Name of publisher Academic Press
Year of publication 2014
300 ## - PHYSICAL DESCRIPTION
Number of Pages 457
942 ## - ADDED ENTRY ELEMENTS (KOHA)
Koha item type Books
Holdings
Withdrawn status Lost status Damaged status Collection code Home library Current library Shelving location Date acquired Source of acquisition Cost, normal purchase price Full call number Accession Number Koha item type
        KAUAET KAUAET General Stacks 14/06/2016 Dream Tech, Trivandrum 7872.00 621.47 BRO/SO 24455 Books
free website counter